'V' in Geography Quiz Stats

 Plays Quiz Updated Aug 3, 2018

Also try: 'J' in Geography
Challenge
Share
Tweet
Score 0/16 Timer 05:00
0 Plays Today
Question Answer % Correct
Which city is Austria's capital and largest, as well as one of its nine states?Vienna
97.6%
Which country with a square flag, with an area of 0.44 km2, is the world's smallest in area and population? Vatican City
92.5%
Which European City is composed of 117 islands separated by canals and linked by bridges?Venice
90.3%
Can you name the country whose flag is in the images above?Vietnam
90.3%
Which volcano, located on the Gulf of Naples, is the only in mainland Europe to have erupted in the last 100 years?Vesuvius
88.9%
What is the second least populous US State?Vermont
88.4%
What is British Columbia's first and Canada's third most populous metropolitan area?Vancouver
86.5%
Which city was the de facto capital of France for more than a century, and is known for its numerous treaties?Versailles
85.2%
Question Answer % Correct
Can you name the country whose outline is in the images above?Venezuela
82.7%
Which river, often referred to as the 'National River of Russia', is the longest to flow into the Caspian Sea?Volga
78.8%
Which group of islands, a part of the Leeward Islands, is divided between being British, Puerto Rican and USVirgin Islands
77.3%
What is Spain's third largest metropolitan area?Valencia
63.6%
Which city, on the Mekong river, is the capital and largest of Laos?Vientiane
48.3%
What city has the most easterly station on the world's longest railway line?Vladivostok
44.5%
Can you name the man-made lake in the images above?Volta
18.4%
Can you name the location of the landmark in the images above?Valley of the Kings
14.6%

You're not logged in!

Compare scores with friends on all Sporcle quizzes.
Join for Free
OR
Log In

You Might Also Like...

Show Comments

Extras

Top Quizzes Today


Score Distribution

Your Account Isn't Verified!

In order to create a playlist on Sporcle, you need to verify the email address you used during registration. Go to your Sporcle Settings to finish the process.

Report this User

Report this user for behavior that violates our Community Guidelines.

Details: